| 000 | 00000nas 2200000za 4500 |
| 001 | 9.839784 |
| 003 | CaOODSP |
| 005 | 20250822073802 |
| 007 | cr ||||||||||| |
| 008 | 170717c20169999qucar pso f0 b0fre|d |
| 020 | |z978-0-660-05817-7 |
| 022 | |a2561-0155 |
| 040 | |aCaOODSP|bfre |
| 043 | |an-cn--- |
| 086 | 1 |aEm17-2F-PDF|zEm20-35/2016F-PDF |
| 110 | 1 |aCanada. |bEmploi et développement social Canada. |
| 222 | 0|aPlan d’évaluation ministériel |b(Canada. Emploi et développement social Canada. Direction generals des politiques stratégiques et de service) |
| 245 | 10|aPlan d’évaluation ministériel |h[ressource électronique] / |cEmploi et développement social Canada. |
| 260 | |a[Gatineau, QC] : |bEmploi et développement social Canada, |cc2016- |
| 310 | |aAnnuel |
| 362 | 1 |aParaît depuis: 2016-17 à 2020-21. |
| 500 | |aPubl. aussi en anglais sous le titre : Departmental evaluation plan. |
| 500 | |aChaque livr. comporte un titre distinct. |
| 692 | 07|2gccst|aMinistère du gouvernement fédéral |
| 692 | 07|2gccst|aProgramme fédéral |
| 692 | 07|2gccst|aServices gouvernementaux |
| 692 | 07|2gccst|aÉvaluation |
| 775 | 08|tDepartmental evaluation plan |w(CaOODSP)9.839780 |